| 000 | 00427nam a22001697a 4500 | ||
|---|---|---|---|
| 005 | 20160523115025.0 | ||
| 008 | 160523b xxu||||| |||| 00| 0 eng d | ||
| 020 | _a81-87365-19-6 | ||
| 041 | _aeng | ||
| 082 | _b4199 | ||
| 100 |
_aSingh. Priyanka _91043 |
||
| 245 | _aAn Economic Analysis of Human Development | ||
| 260 |
_aNew Delhi _bAcademic Faundation _c2004 |
||
| 300 | _a165 | ||
| 650 |
_aManagement _9241 |
||
| 942 | _cBK | ||
| 999 |
_c1422 _d1422 |
||